| 000 | 01102nam a22003255a 4500 | ||
|---|---|---|---|
| 001 | 015296724 | ||
| 003 | EG-ScBUE | ||
| 005 | 20220209102845.0 | ||
| 008 | 090618s2009 enk f b f001 0deng d | ||
| 020 | _a9780521119016 (pbk.) | ||
| 020 | _a0521119014 (pbk.) | ||
| 040 |
_aStDuBDS _beng _erda _cStDuBDS _dEG-ScBUE |
||
| 082 | 0 | 4 |
_a823.914 _222 _bGIK |
| 100 | 1 |
_aGikandi, Simon, _eauthor. _938707 |
|
| 245 | 1 | 0 |
_aNgugi wa Thiong'o / _cSimon Gikandi. |
| 264 | 1 |
_aCambridge : _bCambridge University Press, _c2009. |
|
| 300 |
_axii, 328 pages ; _c24 cm. |
||
| 336 |
_2rdacontent _atext _btxt |
||
| 337 |
_2rdamedia _aunmediated _bn |
||
| 338 |
_2rdacarrier _avolume _bnc |
||
| 490 | 0 |
_aCambridge studies in African and Caribbean literature ; _v8 |
|
| 500 | _aOriginally published : 2000. | ||
| 504 | _aIncludes bibliographical references and index. | ||
| 600 | 0 | 7 |
_aNgũgĩ wa Thiongʾo, _d1938- _xCriticism and interpretation. _2BUEsh |
| 650 | 7 |
_aImperialism in literature. _2BUEsh _91355 |
|
| 651 | _2BUEsh | ||
| 653 |
_cNovember2015 _bHHUUEENN |
||
| 655 |
_vReading book _934232 |
||
| 942 |
_2ddc _cBB |
||
| 999 |
_c21028 _d21000 |
||